000 00581nam a2200241Ia 4500
008 210210b2006 xxu||||| |||| 00| 0 eng d
020 _a8173715661
041 _aeng
082 _a597.92 SHAM
100 _aSHANKER (Kartik)
245 _aMarine turtles of the Indian subcontinent
260 _aHyderabad
_bUniversities Press (India) Ltd.
_c2006
300 _a415
650 _aturtles
650 _athe
650 _asubcontinent
650 _aof
650 _aMarine
650 _aIndian
690 _aZoology
700 _aCHOUDHURY (B C) Eds
906 _a063105
999 _c132848
_d132848